Le titre de la lettre : une lecture de Lacan /

Guardado en:
Bibliografiske detaljer
Hovedforfatter: Nancy, Jean-Luc (autor)
Andre forfattere: Lacoue-Labarthe, Philippe (autor) (autor)
Format: Bog
Sprog:fransk
Udgivet: París, Francia : Galilée, 1973, c1973
Serier:(A la Lettre)
Fag:
Tags: Tilføj Tag
Ingen Tags, Vær først til at tagge denne postø!

MARC

LEADER 00000nam^a2200000^a^4500
001 000074713
005 20250521000000.0
009 20260310091715.29
020 |a 2-7186-0002-0 
037 |a Acervo ITESO - Biblioteca 
041 |a FRA 
082 |a 150. 1957  |b LAC CRI NAN 
100 |a Nancy, Jean-Luc  |e (autor) 
245 1 3 |a Le titre de la lettre :  |b une lecture de Lacan /  |c J.L. Nancy, P. Lacoue-Labarthe. 
264 4 |a París, Francia :  |b Galilée,  |c 1973, c1973 
300 |a 148 p. 
336 |a texto  |b txt  |2 rdacontenido 
337 |a sin mediación  |b n  |2 rdamedio 
338 |a volumen  |b nc  |2 rdasoporte 
440 1 |a (A la Lettre) 
649 |a XX 
650 |a Análisis del Discurso 
650 |a Psicoanálisis y Semiótica 
650 |a Psicoanálisis -  |x Teoría 
650 |a Psicoanálisis Lacaniano 
650 |a Escuela Francesa de Psicoanálisis 
650 |a Psicoanálisis Freudiano 
650 |a Psicología 
700 |a Lacoue-Labarthe, Philippe  |e (autor) 
910 |a Fondo Armando Suárez Gómez 
920 |a Impresos - Libros 
930 |a Fondos Especiales 
905 |a 111 
901 |a 0700001973  |b IT2  |c ESP  |u 20250521 
902 |a https://opac.biblio.iteso.mx/vufind/Record/000074713